000 00607nam a22002057a 4500
003 OSt
005 20240530110420.0
008 150310s2002 ua afo f b 001 0 eng d
020 _a9774246497
040 _aEG-CaGPL
_cEG-CaGPL
082 0 4 _221
_a932.014
_bCC/J R
100 1 _4James, Thomas Garnet Henry
245 1 0 _aRamesses :
_bthe great /
_cT. G. H. James.
260 _aCairo :
_bThe American University in Cairo Press,
_c2002.
300 _a319 P :
_bCol. ill. ;
_c39 cm.
504 _aIncludes bibliographical references.
600 0 _aRamesses
942 _2ddc
_cBK
999 _c60627
_d60627